| 000 | 01259nam0a2200313 4500 | ||
|---|---|---|---|
| 001 | RU\NLR\bibl\1748870 | ||
| 005 | 20260405072423.0 | ||
| 010 |
_a978-5-89154-374-4 _9500 |
||
| 021 |
_aRU _b2011-13214 _9943 |
||
| 035 | _a(NLR Aleph) 001739740 | ||
| 090 |
_a1451778 _c1451778 |
||
| 100 | _a20110321d2010 |||y0rusy50 ca | ||
| 101 | 0 | _arus | |
| 102 | _aRU | ||
| 105 | _aa ||||||||| | ||
| 200 | 1 |
_aФинансовое обеспечение государственных закупок _eмонография _fР.К. Арыкбаев _gАстрах. гос. техн. ун-т |
|
| 210 |
_aАстрахань _cИзд-во АГТУ _d2010 |
||
| 215 |
_a195 с. _cил. _d21 |
||
| 320 | _aБиблиогр.: с. 165-171 (107 назв.) и в подстроч. примеч. | ||
| 606 | 1 |
_aГосударственные закупки _xФинансирование _yРоссийская Федерация _92573932 _3RU\NLR\auth\661521963 |
|
| 686 | _aУ41(2)-381-93 | ||
| 700 | 1 |
_4070 _8rus _7ca _aАрыкбаев _bР. К. _gРавиль Каримович _3RU\NLR\auth\7725009 _98058 |
|
| 801 | 0 |
_aRU _bNLR _c20110321 _gRCR |
|
| 801 | 1 |
_aRU _bNLR _c20110321 |
|
| 830 | _aавт. по кн. | ||
| 942 | _cBOOK | ||
| 980 | _aNB | ||
| 980 | _aNBR | ||